书目信息 |
| 题名: |
建筑施工便携手册
|
|
| 作者: | 朱维益 , 刘宪文 , 张玉凤 编 | |
| 分册: | ||
| 出版信息: | 北京 机械工业出版社 2004.04 |
|
| 页数: | 470页 | |
| 开本: | 21cm | |
| 丛书名: | ||
| 单 册: | ||
| 中图分类: | TU7-62 | |
| 科图分类: | ||
| 主题词: | 建筑工程--工程施工--技术手册 , 建筑工程 , 工程施工 | |
| 电子资源: | ||
| ISBN: | 7-111-11418-3 | |
| 000 | 00798nam0 2200265 45 | |
| 001 | 012004000000 | |
| 005 | 20050104104133.21 | |
| 010 | @a7-111-11418-3@dCNY 34.00 | |
| 100 | @a20041210e2004 em y0chiy0121 ea | |
| 101 | 0 | @achi |
| 102 | @aCN@b110000 | |
| 105 | @aak z 000yy | |
| 200 | 1 | @a建筑施工便携手册@Ajian zhu shi gong bian xie shou ce@e新规范@f朱维益, 刘宪文, 张玉凤编 |
| 210 | @a北京@c机械工业出版社@d2004.04@h2004.4第3次印刷 | |
| 215 | @a470页@c图, 表格@d21cm | |
| 320 | @a附参考文献 | |
| 606 | 0 | @a建筑工程@x工程施工@j技术手册 |
| 606 | 0 | @a建筑工程 |
| 606 | 0 | @a工程施工 |
| 690 | @aTU7-62@v4 | |
| 701 | 0 | @a朱维益@Azhu wei yi@4编 |
| 701 | 0 | @a刘宪文@Aliu xian wen@4编 |
| 701 | 0 | @a张玉凤@Azhang yu feng@4编 |
| 801 | 0 | @aCN@bQSSKw@c20050104 |
| 905 | @a10447@dTU7-62@eZ880 | |
| 建筑施工便携手册:新规范/朱维益, 刘宪文, 张玉凤编.-北京:机械工业出版社,2004.04(2004.4第3次印刷) |
| 470页:图, 表格;21cm |
| ISBN 7-111-11418-3:CNY 34.00 |
| ● |
| 相关链接 |
|
|
|
正题名:建筑施工便携手册
索取号:TU7-62/Z880
 
预约/预借
| 序号 | 登录号 | 条形码 | 馆藏地/架位号 | 状态 | 备注 |
| 1 | 434329 | 204343291 | 建筑库201/201建筑库 14排4列5层/ [索取号:TU7-62/Z880] | 在馆 | |
| 2 | 434330 | 204343308 | 建筑库201/201建筑库 14排4列5层/ [索取号:TU7-62/Z880] | 在馆 |